Normal view
MARC view
- Fornelli, Cindy.
Entry Personal Name
001 - CONTROL NUMBER
- control field: 42732
003 - CONTROL NUMBER IDENTIFIER
- control field: OSt
005 - DATE AND TIME OF LATEST TRANSACTION
- control field: 20210118135041.0
008 - FIXED-LENGTH DATA ELEMENTS
- fixed length control field: 210118|| aca||aabn | a|a d
040 ## - CATALOGING SOURCE
- Original cataloging agency: OSt
- Transcribing agency: OSt
100 ## - HEADING--PERSONAL NAME
- Personal name: Fornelli, Cindy.
670 ## - SOURCE DATA FOUND
- Source citation: Work cat.: (OSt): Fornelli, Cindy., Improving audit quality through auditor communication:, ©2015.
